Mikroekonomické modely teórie hier

Ekonomické situácie a modely maticových hier. Stackelbergova a Cournotova rovnováha oligopolistickej trhovej štruktúry. Viackryteriálne rozhodovania pomocou metód teórie hier. Príklady ekonomických aplikácií teórie hier.

Guardado en:
Detalles Bibliográficos
Autor principal: Mikušová, Nora, 1978-
Formato: Capítulo de libro
Lenguaje:eslovaco
Materias:
Etiquetas: Agregar Etiqueta
Sin Etiquetas, Sea el primero en etiquetar este registro!

MARC

LEADER 00000naa$a2200000$$$4500
001 0120345
005 20240502072341.8
041 0 |a slo 
044 |a SK 
245 1 0 |a Mikroekonomické modely teórie hier  |c Nora Mikušová 
520 |a Ekonomické situácie a modely maticových hier. Stackelbergova a Cournotova rovnováha oligopolistickej trhovej štruktúry. Viackryteriálne rozhodovania pomocou metód teórie hier. Príklady ekonomických aplikácií teórie hier. 
610 2 0 |a modely ekonomicko-matematické 
610 2 0 |a modelovanie ekonometrické 
610 2 0 |a modely maticové 
610 2 0 |a modely mikroekonomické 
610 2 0 |a modely rovnováhy 
610 2 0 |a funkcie matematické 
610 2 0 |a teória hier 
100 1 |a Mikušová, Nora, 1978-